000 00515nam a2200133Ia 4500
005 20260209120152.0
008 260209s9999||||xx |||||||||||||| ||und||
100 _aRamjanam Kumar
245 0 _aOnline dispute resolution in standard-form contracts : a threat to party autonomy?
260 _aBangaloreBangalore
_bNLSIU, Bangalore
_c2024 - 2025
300 _a29 p. ; 25 cm.
700 _aMs. Meenakshi Ramkumar - SupervisorMs. Meenakshi Ramkumar - Supervisor
856 _uhttps://dans.nls.ac.in/handle/123456789/2466
999 _c217765
_d217765